Desarrollo económico y medio ambiente (Record no. 55535)

MARC details
000 -LEADER
campo de control de longitud fija 00606nam a2200169 i 4500
001 - NÚMERO DE CONTROL
campo de control 55535
003 - IDENTIFICADOR DE NÚMERO DE CONTROL
campo de control ES-MaACL
005 - FECHA Y HORA DE LA ÚLTIMA TRANSACCIÓN
campo de control 20230906163151.0
007 - CAMPO FIJO DE DESCRIPCIÓN FÍSICA--INFORMACIÓN GENERAL
campo de control de longitud fija t|
008 - DATOS DE LONGITUD FIJA--INFORMACIÓN GENERAL
campo de control de longitud fija 030922s1974 sp ||||1| spa d
245 00 - MENCIÓN DEL TÍTULO
Título Desarrollo económico y medio ambiente
Resto del título : ponencias y coloquios de la Reunión Internacional de Barcelona, 1973.
260 ## - PUBLICACIÓN, DISTRIBUCIÓN, ETC.
Lugar de publicación, distribución, etc. [Madrid] :
Nombre del editor, distribuidor, etc. Moneda y Crédito,
Fecha de publicación, distribución, etc. 1974.
300 ## - DESCRIPCIÓN FÍSICA
Extensión XVIII, 247 p. ;
Dimensiones 23 cm.
500 ## - NOTA GENERAL
Nota general Precede al tít.: Servicio de estudios en Barcelona. Banco Urquijo.
710 2# - ENTRADA AGREGADA--NOMBRE DE ENTIDAD CORPORATIVA
Nombre de entidad corporativa o nombre de jurisdicción como elemento de entrada Banco Urquijo.
Unidad subordinada Servicio de Estudios.
9 (RLIN) 2139
852 ## - LOCALIZACIÓN
Ubicación ES-MaACL
Número de control de estantería E-6863
Sublocalización o colección R.90886
Holdings
Estatus retirado Estado de pérdida Estado de daño No para préstamo Biblioteca de origen Biblioteca actual Ubicación en estantería Fecha de adquisición Fuente de adquisición Total de préstamos Signatura topográfica completa Código de barras Visto por última vez Precio de reemplazo Tipo de ítem Koha
        Biblioteca del Ateneo de Madrid Biblioteca del Ateneo de Madrid Depósito 2 17/01/2008     E-6863 1058344 23/02/2023 23/02/2023 Libro impreso